000 00590nam a2200265Ia 4500
005 20260306164139.0
008 008 260114s9999 xx 000 0 eng d
020 _a9780262330213
037 _aEBOOK
040 _aCRL
040 _beng
040 _cCRL
041 _2eng
041 _aeng
084 _qCRL
100 _aGennaro
_9928959
245 0 _aDisturbed Consciousness
260 _bThe MIT Press
260 _c2016
650 _aPhilosophy
856 _uhttps://academic.oup.com/book/20174
942 _cEBOOK
999 _c1712931
_d1712931